<?xml version="1.0" encoding="UTF-8"?>
<resp>
  <nextPage>https://data.bn.org.pl/api/networks/bibs.marcxml?marc=001+b0000005518968&amp;sinceId=5518969</nextPage>
  <collection>
    <record xmlns='http://www.loc.gov/MARC21/slim'><leader>02531nam a2200613 i 4500</leader><controlfield tag='001'>b0000005518968</controlfield><controlfield tag='005'>20241203215220.0</controlfield><controlfield tag='008'>170418s1705    pl a         |000 0 fre  </controlfield><controlfield tag='009'>9910447802205606</controlfield><datafield ind1=' ' ind2=' ' tag='026'><subfield code='a'>i-i- nela</subfield><subfield code='b'>,&amp;n- gepo</subfield><subfield code='5'>WA N</subfield></datafield><datafield ind1=' ' ind2=' ' tag='035'><subfield code='a'>991007257259705066</subfield></datafield><datafield ind1=' ' ind2=' ' tag='035'><subfield code='a'>(PL-WaBN)b55189684-48omnis_nlop</subfield></datafield><datafield ind1=' ' ind2=' ' tag='035'><subfield code='a'>b55189684</subfield></datafield><datafield ind1=' ' ind2=' ' tag='035'><subfield code='a'>(OCoLC)750930642</subfield></datafield><datafield ind1=' ' ind2=' ' tag='035'><subfield code='a'>(PL)b0000005518968</subfield></datafield><datafield ind1=' ' ind2=' ' tag='040'><subfield code='a'>WA N</subfield><subfield code='c'>WA N</subfield><subfield code='d'>WA N</subfield></datafield><datafield ind1=' ' ind2=' ' tag='046'><subfield code='k'>1705~</subfield><subfield code='2'>edtf</subfield></datafield><datafield ind1='0' ind2='0' tag='245'><subfield code='a'>Eclaircissement touchant la devotion au Coeur de Jesu-Christ et quelques prieres pour honorer ce sacré Cœur.</subfield></datafield><datafield ind1=' ' ind2=' ' tag='260'><subfield code='a'>Reimprimée à Warsovie :</subfield><subfield code='b'>dans l&apos;Imprimerie Royalle des Ecolles Pieuses,</subfield><subfield code='c'>[po 1705].</subfield></datafield><datafield ind1=' ' ind2=' ' tag='300'><subfield code='a'>[2] karty, 67 stron :</subfield><subfield code='b'>ilustracje ;</subfield><subfield code='c'>8°.</subfield></datafield><datafield ind1=' ' ind2=' ' tag='336'><subfield code='a'>Tekst</subfield><subfield code='b'>txt</subfield><subfield code='2'>rdacontent</subfield></datafield><datafield ind1=' ' ind2=' ' tag='337'><subfield code='a'>Bez urządzenia pośredniczącego</subfield><subfield code='b'>n</subfield><subfield code='2'>rdamedia</subfield></datafield><datafield ind1=' ' ind2=' ' tag='338'><subfield code='a'>Wolumin</subfield><subfield code='b'>nc</subfield><subfield code='2'>rdacarrier</subfield></datafield><datafield ind1=' ' ind2=' ' tag='380'><subfield code='a'>Książki</subfield></datafield><datafield ind1=' ' ind2=' ' tag='380'><subfield code='a'>Publikacje religijne</subfield></datafield><datafield ind1=' ' ind2=' ' tag='380'><subfield code='a'>Starodruki</subfield></datafield><datafield ind1='1' ind2=' ' tag='388'><subfield code='a'>1701-1800</subfield></datafield><datafield ind1=' ' ind2=' ' tag='500'><subfield code='a'>Wariant A: zawiera dyedykację, pierwsza karta dedykacji sygnowana: )(.</subfield></datafield><datafield ind1=' ' ind2=' ' tag='500'><subfield code='a'>Na odwrocie karty tytułowej drzeworyt przedstawiający Serce Chrystusa otoczone koroną cierniową.</subfield></datafield><datafield ind1=' ' ind2=' ' tag='500'><subfield code='a'>W adresie wydawniczym informacja o poprzednim wydaniu: Suivant la Copie imprimée â Liege.</subfield></datafield><datafield ind1=' ' ind2=' ' tag='500'><subfield code='a'>Dedykacja: ,,A son excellence Mademoiselle la Comtesse Kącka Miecznik du Royaume de Pologne&quot;.</subfield></datafield><datafield ind1='4' ind2=' ' tag='510'><subfield code='a'>Estr. XV-XVIII</subfield><subfield code='c'>t. 16 s. 13.</subfield></datafield><datafield ind1='1' ind2='7' tag='600'><subfield code='a'>Potocka, Marianna</subfield><subfield code='d'>(ok. 1720-1768)</subfield><subfield code='2'>DBN</subfield></datafield><datafield ind1=' ' ind2='7' tag='650'><subfield code='a'>Serce Jezusa</subfield><subfield code='2'>DBN</subfield></datafield><datafield ind1=' ' ind2='7' tag='655'><subfield code='a'>Modlitewnik</subfield><subfield code='2'>DBN</subfield></datafield><datafield ind1=' ' ind2=' ' tag='658'><subfield code='a'>Religia i duchowość</subfield></datafield><datafield ind1='2' ind2=' ' tag='710'><subfield code='a'>Drukarnia Pijarów (Warszawa)</subfield><subfield code='e'>Druk</subfield></datafield><datafield ind1=' ' ind2=' ' tag='752'><subfield code='a'>Polska</subfield><subfield code='d'>Warszawa.</subfield></datafield><datafield ind1=' ' ind2=' ' tag='852'><subfield code='b'>48OMNIS_NLOP</subfield><subfield code='8'>991007257259705066</subfield></datafield><datafield ind1=' ' ind2=' ' tag='852'><subfield code='8'>22539938600005066</subfield><subfield code='j'>1</subfield><subfield code='h'>SD XVIII.1.607</subfield><subfield code='b'>BN_PL</subfield><subfield code='p'>777i53315625</subfield><subfield code='c'>bstdr</subfield></datafield><datafield ind1=' ' ind2=' ' tag='852'><subfield code='8'>22539938580005066</subfield><subfield code='j'>1</subfield><subfield code='h'>SD W.1.1132</subfield><subfield code='b'>BN_PL</subfield><subfield code='p'>777i53315650</subfield><subfield code='c'>bstdr</subfield></datafield><datafield ind1=' ' ind2=' ' tag='852'><subfield code='b'>48OMNIS_NETWORK</subfield><subfield code='8'>9910447802205606</subfield></datafield><datafield ind1=' ' ind2=' ' tag='950'><subfield code='u'>https://eu05.alma.exlibrisgroup.com/view/uresolver/48OMNIS_NETWORK/openurl?u.ignore_date_coverage=true&amp;portfolio_pid=53714548000005066&amp;Force_direct=true</subfield><subfield code='z'>Zobacz w Polonie: egzemplarz SD W.1.1132</subfield><subfield code='8'>53714548000005066</subfield></datafield></record>
  </collection>
</resp>
